Statistics for Top 15 Countries with Covid-19 Deaths - 7 January 2021

Click here to take the quiz!

General Stats

  • This quiz has been taken 11 times
  • The average score is 17 of 23

Answer Stats

country% Correct
Brazil
100%
France
100%
Germany
100%
Spain
100%
United Kingdom
100%
United States
100%
Argentina
91%
India
91%
Italy
91%
Mexico
91%
Russia
91%
South Africa
91%
Colombia
73%
Peru
73%
Iran
64%
Slovenia
64%
Belgium
55%
Czechia
45%
Bulgaria
36%
Croatia
36%
Hungary
36%
Bosnia and
Herzegovina
27%
North Macedonia
18%

Score Distribution

Percentile by Number Answered

Percent of People with Each Score

Your Score History

You have not taken this quiz